Normal view MARC view

Entry Nombre personal

Number of records used in: 1

001 - NÚMERO DE CONTROL

  • campo de control: 80366

003 - IDENTIFICADOR DE NÚMERO DE CONTROL

  • campo de control: SpMaBN

005 - FECHA Y HORA DE LA ÚLTIMA TRANSACCIÓN

  • campo de control: 20250817121509.0

008 - ELEMENTOS DE DATO DE LONGITUD-FIJA

  • campo de control de longitud fija: 901120nn aijnnaabn a aaa

016 ## - NÚMERO DE CONTROL DE UNA AGENCIA BIBLIOGRÁFICA NACIONAL

  • Número de control del registro: BNE19900724104

024 7# - IDENTIFICADOR DE OTROS ESTÁNDARES

  • Número estándar o código: http://viaf.org/viaf/106974905/
  • Fuente: viaf

024 8# - IDENTIFICADOR DE OTROS ESTÁNDARES

  • Número estándar o código: https://data.cervantesvirtual.com/person/19150

040 ## - FUENTE DE CATALOGACIÓN

  • Centro catalogador/agencia de origen: SpMaBN
  • Lengua de catalogación: spa
  • Centro/agencia transcriptor: SpMaBN
  • Normas de descripción: rdc
  • Convención/Normas de encabezamiento de materia/tesauro: embne

100 0# - ENCABEZAMIENTO-NOMBRE DE PERSONA

  • Nombre de persona: Menipo de Gádara

370 ## - LUGAR ASOCIADO

  • Lugar de nacimiento: Jordania, Irbid (Gobernación), Umm Qais

370 ## - LUGAR ASOCIADO

  • Otro lugar asociado: Antigua Grecia, Gádara

373 ## - GRUPO ASOCIADO

  • Grupo asociado: Cínicos
  • Fuente del término: abne

374 ## - OCUPACIÓN

  • Ocupación: Escritores
  • Ocupación: Filósofos

377 ## - IDIOMA ASOCIADO

  • Término de lengua/lenguaje: Griego antiguo

400 0# - TRAZADO DE VÉASE--NOMBRE DE PERSONA

  • Nombre de persona: Menipo

400 0# - TRAZADO DE VÉASE--NOMBRE DE PERSONA

  • Nombre de persona: Mennipus, Redivivus

400 0# - TRAZADO DE VÉASE--NOMBRE DE PERSONA

  • Nombre de persona: Menippus Gadarensis

400 0# - TRAZADO DE VÉASE--NOMBRE DE PERSONA

  • Nombre de persona: Ménippos e̓pistolographos

400 0# - TRAZADO DE VÉASE--NOMBRE DE PERSONA

  • Nombre de persona: Μένιππος ἐπιστολογράφος

670 ## - FUENTE DE DATOS ENCONTRADOS

  • Cita de la fuente: Satyricon arini vapulantis

670 ## - FUENTE DE DATOS ENCONTRADOS

  • Cita de la fuente: Menipo, 1859
  • Información encontrada: (Velázquez pintó)

670 ## - FUENTE DE DATOS ENCONTRADOS

  • Cita de la fuente: Dic. enc. Espasa
  • Información encontrada: (Menipo; filósofo y escritor satírico griego, n. en Gadara a mediados del S. III a. C.)

670 ## - FUENTE DE DATOS ENCONTRADOS

  • Cita de la fuente: López Férez, J. A. Historia de la literatura griega, 2015
  • Información encontrada: página 886 (Menipo de Gádara, autor del que no conservamos ninguna obra, aunque podemos vislumbrar su alcance y carácter a través de Luciana y su influjo en la literatura romana)

670 ## - FUENTE DE DATOS ENCONTRADOS

  • Cita de la fuente: WWW Wikipedia, 22-9-2020
  • Información encontrada: (Menipo de Gadara (Μένιππος, siglo IV a. C.-siglo III a. C.) fue un filósofo de la escuela cínica y escritor griego)
  • Identificador Uniforme de Recursos: https://es.wikipedia.org/wiki/Menipo_de_Gadara

675 ## - FUENTE DE DATOS NO ENCONTRADOS

  • Cita de la fuente: R.C. Ap. III